Die grössten deutschen Unternehmen - Statistiken

Allgemein
  • Dieses Quiz wurde 238 mal gespielt
  • Das Durchschnittsergebnis liegt bei 11 aus 30
Antwortstatistiken
Platz Antwort % Korrekt
3 Bayrische Motorenwerke AG
88%
1 Volkswagen AG
88%
2 Daimler AG
65%
5 Siemens AG
62%
10 Bayer AG
57%
26 Aldi-Gruppe
55%
14 SAP SE
54%
21 Allianz SE
53%
6 Deutsche Bahn AG
47%
22 Deutsche Bank AG
47%
8 Deutsche Post AG
47%
7 Deutsche Telekom AG
46%
16 REWE Gruppe
44%
12 BASF SE
41%
23 EDEKA-Gruppe
41%
20 thyssenkrupp AG
41%
4 Robert Bosch GmbH
37%
13 Deutsche Lufthansa AG
34%
11 Commerzbank AG
32%
17 Schwarz Gruppe
32%
27 METRO AG
16%
18 Airbus Gruppe Deutschland
15%
15 Fresenius SE & Co. KGaA
13%
28 Ford Gruppe Deutschland
12%
9 INA-Holding Schaeffler GmbH & Co.KG
12%
19 Vonovia SE
12%
29 Bertelsmann SE &Co. KGaA
8%
30 Evonik Industries AG
6%
25 Roche-Gruppe Deutschland
4%
24 ZF Friedrichshafen AG
4%
Keine übereinstimmenden Quizze gefunden
Verteilung der Resultate
Anzahl Personen mit jedem Resultat
Perzentil nach korrekt beantworteten Fragen
Ihre Resultats-Entwicklung
Sie haben dieses Quiz noch nicht gespielt